| 000 | 01898nam a2200541 i 4500 | ||
|---|---|---|---|
| 001 | 56087 | ||
| 003 | KOSZ 005 | ||
| 005 | 20210119095839.0 | ||
| 008 | 081010s2008 pl f f |000 0 pol | ||
| 020 | _a9788301140670 | ||
| 040 |
_cKOSZ 005 _aKOSZ 005 _dKOSZ 005/HR |
||
| 046 | _k2003 | ||
| 080 | _a579.6 | ||
| 080 | _a663/664 | ||
| 080 | _a577 | ||
| 080 | _a628.32 | ||
| 080 | _a504.5 | ||
| 080 | _a(075.8) | ||
| 100 | 1 |
_aKlimiuk, Ewa _d(1947- ) _eAutor |
|
| 245 | 1 | 0 |
_aBiotechnologia w ochronie środowiska / _cEwa Klimiuk, Maria Łebkowska. |
| 250 | _a[Wyd.1, 3 dodr.]. | ||
| 260 |
_aWarszawa : _bWydawnictwo Naukowe PWN, _c2008. |
||
| 300 |
_a266, [2] s. : _bil. ; _c24 cm + _eCD-ROM. |
||
| 336 |
_2rdacontent _aTekst _btxt |
||
| 337 |
_2rdamedia _aBez urządzenia pośredniczącego _bn |
||
| 338 |
_2rdacarrier _aWolumin _bnc |
||
| 380 | _aKsiążki | ||
| 380 | _aPublikacje dydaktyczne | ||
| 385 |
_mPoziom nauczania _aSzkoły wyższe |
||
| 388 | _a2001- | ||
| 490 | 1 | _aŚrodowisko | |
| 504 | _aBibliogr. przy rozdz. Indeks. | ||
| 521 | _aDla studentów szkół wyższych na kier. ochrona środowiska oraz biotechnologia, słuchaczy kierunku inżynieria środowiska, studiów podyplomowych, i doktoranckich. | ||
| 650 | 4 | _aGleba | |
| 650 | 4 | _aDegradacja środowiska | |
| 650 | 4 | _aOchrona środowiska | |
| 650 | 4 | _aBiotechnologia środowiskowa | |
| 650 | 4 | _aŚcieki | |
| 650 | 4 | _aBiologiczna oczyszczalnia ścieków | |
| 655 | 4 | _aPodręczniki akademickie | |
| 658 | _aOchrona środowiska | ||
| 658 | _aInżynieria i technika | ||
| 700 | 1 |
_aŁebkowska, Maria _d(1942- ) _eAutor |
|
| 710 | 2 |
_aWydawnictwo Naukowe PWN _4pbl. |
|
| 830 | _aŚrodowisko | ||
| 856 |
_uhttp://koha.tu.koszalin.pl/cgi-bin/koha/opac-detail.pl?biblionumber=56078 _yKatalog online BPK |
||
| 942 |
_cKS _2UKD |
||
| 999 |
_c56078 _d56078 |
||